Normal view
MARC view
- Total Quality Management; Text,Cases and Readings
Entry Topical Term
001 - CONTROL NUMBER
- control field: 92049
003 - CONTROL NUMBER IDENTIFIER
- control field: NUST
005 - DATE AND TIME OF LATEST TRANSACTION
- control field: 20220609114642.0
008 - FIXED-LENGTH DATA ELEMENTS
- fixed length control field: 220609|| aca||aabn | a|a d
040 ## - CATALOGING SOURCE
- Original cataloging agency: NUST
- Transcribing agency: NUST
150 ## - HEADING--TOPICAL TERM
- Topical term or geographic name entry element: Total Quality Management; Text,Cases and Readings
670 ## - SOURCE DATA FOUND
- Source citation: Work cat.: (NUST)579869: Ross, J.E 74324, Encyclopedia of Total Quality Management: Total Quality Management; Text,Cases and Readings, 1998
